Chesmire and Burn's modern law of real property

Bibliographic Details
Main Author: Burn, E. H. (Author)
Format: Book
Language:English
Published: London : Butterworth 1982
Edition:Thirteeth edition
Subjects:

MARC

LEADER 00000cam a2200000 7i4500
001 0000001520
005 20240924.0
008 240503 enk eng
020 |a 0406565457 (hardback) 
040 |a INS   |b eng   |e rda 
090 0 0 |a RHD255   |b .B97 1982 
100 1 |a Burn, E. H. ,   |e author 
245 1 0 |a Chesmire and Burn's modern law of real property   |c E. H. Burn 
250 |a Thirteeth edition 
264 1 |a London :   |b Butterworth   |c 1982 
264 4 |c ©1982 
300 |a Ixxvii, 933 pages ;   |c 26 cm. 
336 |a text  |2 rdacontent 
337 |a unmediated  |2 rdamedia 
338 |a volume  |2 rdacarrier 
650 0 |a Common law 
650 0 |a Land tenure   |x Law 
999 |a 0000001210   |b BOOK   |c Reference   |e Default branch